The claims of culture : equality and diversity in the global era

Αποθηκεύτηκε σε:
Λεπτομέρειες βιβλιογραφικής εγγραφής
Κύριος συγγραφέας: Benhabib, Seyla
Μορφή: Βιβλίο
Γλώσσα:English
Δημοσίευση: Princeton, N.J.; Oxford, UK. : Princeton University Press, c2002
Θέματα:
Ετικέτες: Προσθήκη ετικέτας
Δεν υπάρχουν, Καταχωρήστε ετικέτα πρώτοι!

MARC

LEADER 00000nam a2200000 i 4500
001 1/54749
008 040517s2002 eng d
020 |a 0691048630 
035 |l 10073314 
040 |a GR-MY-UA  |b gre  |e aacr 
041 0 |a eng 
082 0 |a 306  |2 (21) 
100 1 |a Benhabib, Seyla. 
245 1 4 |a The claims of culture :  |b equality and diversity in the global era /  |c Seyla Benhabib 
260 |a Princeton, N.J.; Oxford, UK. :   |b Princeton University Press,   |c c2002 
300 |a xvii, 245 σ.;  |c 24 εκ. 
504 |a Περιέχει βιβλιογραφία και ευρετήριο 
650 0 0 |a Culture  |x Social aspects. 
650 0 0 |a Politics and culture. 
650 0 0 |a Political science. 
852 |a INST  |b LESVOS  |e 20040517  |h 306 ΒΕΝ  |p 005100030560  |q 005100030560  |t BK  |y 0 
901 |a BIBL1-2004-2 
909 |a Λ  |b 111159 
920 |a ΤΑΚΤΙΚΟΣ ΚΟΙΝΩΝΙΚΗΣ ΑΝΘΡΩΠΟΛΟΓΙΑΣ ΚΑΙ ΙΣΤΟΡΙΑΣ  |y ΛΕΣΒΟΣ  |z 2004-05 
970 |a ΧΡΙΣΤΟΦΑ  |b ΝΙΚΗ  |z 2004/05/17